000 00631nam a2200229Ia 4500
003 OSt
005 20220928105033.0
006 a|||||r|||| 00| 0
007 ta
008 220927b |||||||| |||| 00| 0 eng d
024 _a30835
037 _cTextual
040 _aSDCL
_cSDCL
_beng
041 _2eng
_aeng
082 _aO15,6N04:g, M5
100 _aNaresh Kumar
245 0 _aDr. Vashudevasharan Agarwal
_bVyaktitatva evam krititva.
260 _aGaziyabad
_bIndo- Vision
_c1985
300 _a325,lxxxvip.
_ccm.
942 _hO15,6N04:g, M5
_cTEXL
_2CC
999 _c729168
_d729168